| 000 | 00427 a2200121 4500 | ||
|---|---|---|---|
| 001 | ART_3258 | ||
| 005 | 20260410161713.0 | ||
| 008 | 260409a | ||
| 245 | 1 | 0 | _aTecnología y exportaciones industriales: un análisis microeconómico de la experiencia argentina reciente |
| 100 | 1 | _aKatz, Jorge M. | |
| 700 | 1 | _aAblin, Eduardo | |
| 773 | 0 |
_tDesarrollo económico _g- Vol. 17, Nº 65 (abr./jun. 1977) _wREV1174 |
|
| 999 |
_c16262 _d16262 |
||